Statistics for T Answers Quiz #2

Click here to take the quiz!

General Stats

  • This quiz has been taken 9,016 times
  • The average score is 16 of 24

Answer Stats

Clue Answer % Correct
Michael Jackson's best-selling albumThriller
92%
Me ______, you JaneTarzan
91%
Certain zodiac signTaurus
88%
Stage in a frog's life cycleTadpole
84%
Playing cards used by fortune tellersTarot
83%
Silvery Christmas tree decorationTinsel
82%
Islamist group that controlled AfghanistanTaliban
81%
It's similar to a ligamentTendon
81%
Jewelry store with robin's egg blue boxesTiffany
77%
Maker of electric carsTesla
73%
Friar friend of Robin HoodTuck
72%
City in Italy with a famous shroudTurin
69%
Scottish fabric pattern associated with clansTartan
66%
Strongest metallic elementTitanium
66%
Astronaut beverage or Chinese dynastyTang
62%
Conservative Party supporter in the UKTory
61%
Time machine from Dr WhoTardis
56%
Lake between California and NevadaTahoe
56%
The heaviest U.S. PresidentTaft
55%
Rome's riverTiber
54%
Largest lake in the AndesTiticaca
51%
Also known as lockjawTetanus
51%
City about 50 miles south of
Detroit or Madrid
Toledo
39%
Island shared by Indonesia and
one other country
Timor
31%

Score Distribution

Percentile by Number Answered

Percent of People with Each Score

Your Score History

You have not taken this quiz